10 Largest Countries - Sudden Death - Statistics

General Stats
  • This quiz has been taken 48 times
  • The average score is 5 of 9
Answers on the Grid
Answers color-coded by a green-red scale on the quiz's grid according to % correct below.
Russia
Algeria
Saudi Arabia
Pakistan
Kazakhstan
Indonesia
Libya
Democratic Republic of the Congo
Iran
United States of America
Chile
PEru
China
Sudan
Denmark (including Greenland)
Niger
Chad
Mongolia
Mexico
Mali
Uzbekistan
India
Vietnam
Australia
Cuba
Angola
Argentina
Colombia
Brazil
South Africa
 
Answer Stats
Answer % Correct
Russia
100%
China
81%
United States of America
78%
Brazil
50%
Kazakhstan
41%
Australia
38%
India
34%
Algeria
25%
Argentina
16%
No matching quizzes found
Score Distribution
Percent of People with Each Score
Percentile by Number Answered
Your Score History
You have not taken this quiz